000 00512nam a2200217Ia 4500
003 OSt
005 20220928145252.0
006 a|||||r|||| 00| 0
007 ta
008 220927b |||||||| |||| 00| 0 eng d
024 _a79750
037 _cTextual
040 _aSDCL
_cSDCL
_beng
041 _2eng
_aeng
082 _aP8, M0
100 _aDixon R M W
_9512342
245 0 _aLanguages of Australia.
260 _c1980
942 _hP8, M0
_cTEXL
_2CC
999 _c832826
_d832826